书目信息 |
| 题名: |
文艺学基础文献选读
|
|
| 作者: | 徐岱 , 沈语冰 编选 | |
| 分册: | ||
| 出版信息: | 杭州 浙江大学出版社 2009.03 |
|
| 页数: | 431页 | |
| 开本: | 24cm | |
| 丛书名: | ||
| 单 册: | ||
| 中图分类: | I0 | |
| 科图分类: | ||
| 主题词: | 文艺学--wen yi xue--文集 | |
| 电子资源: | ||
| ISBN: | 978-7-308-06634-1 | |
| 000 | 01317nam0 2200265 450 | |
| 001 | 012009657843 | |
| 005 | 20090622151556.84 | |
| 010 | @a978-7-308-06634-1@dCNY45.00 | |
| 100 | @a20090622d2009 em y0chiy0120 ea | |
| 101 | 0 | @achi |
| 102 | @aCN@b330000 | |
| 105 | @ay a 000yy | |
| 106 | @ar | |
| 200 | 1 | @a文艺学基础文献选读@Awen yi xue ji chu wen xian xuan du@d= The essential readings in fitrature theory@f徐岱, 沈语冰编选@Fxu dai,shen yu bing bian xuan@zeng |
| 210 | @a杭州@c浙江大学出版社@d2009.03 | |
| 215 | @a431页@d24cm | |
| 320 | @a有书目 | |
| 330 | @a我们的意图不是为了将文学理论的遗产作一个简单的清理和了断,我们也不主张对双方的根本性分歧作更加简单的折中、调和。因为,与其认可这种廉价的处理方式,我们宁可认同“片面的深刻”。当然,我们也要对各种偏执倾向保持警惕,特别是当文艺自主论渐渐演变为“文艺本体论”,并且以一种矫揉造作的学究气和装腔作势的专家态度断言“语言即一切”,“文本之外一无所有”,并且津津乐道于语音、语调、韵律、节奏、能指、结构的条分缕析,而根本无视作品最基本的思想情感、内容意涵以及作者的思虑、不平、关切、梦想的时候。 | |
| 510 | 1 | @aEssential readings in fitrature theory@zeng |
| 606 | 0 | @a文艺学@Awen yi xue@j文集 |
| 690 | @aI0@v4 | |
| 701 | 0 | @a徐岱@Axu dai@4编选 |
| 701 | 0 | @a沈语冰@Ashen yu bing@4编选 |
| 801 | 0 | @aCN@bQSSK@c20090622 |
| 905 | @b745872-74@dI0@eX693@f3 | |
| 文艺学基础文献选读= The essential readings in fitrature theory/徐岱, 沈语冰编选.-杭州:浙江大学出版社,2009.03 |
| 431页;24cm |
| ISBN 978-7-308-06634-1:CNY45.00 |
| 我们的意图不是为了将文学理论的遗产作一个简单的清理和了断,我们也不主张对双方的根本性分歧作更加简单的折中、调和。因为,与其认可这种廉价的处理方式,我们宁可认同“片面的深刻”。当然,我们也要对各种偏执倾向保持警惕,特别是当文艺自主论渐渐演变为“文艺本体论”,并且以一种矫揉造作的学究气和装腔作势的专家态度断言“语言即一切”,“文本之外一无所有”,并且津津乐道于语音、语调、韵律、节奏、能指、结构的条分缕析,而根本无视作品最基本的思想情感、内容意涵以及作者的思虑、不平、关切、梦想的时候。 |
| ● |
| 相关链接 |
|
|
|
正题名:文艺学基础文献选读
索取号:I0/X693
 
预约/预借
| 序号 | 登录号 | 条形码 | 馆藏地/架位号 | 状态 | 备注 |
| 1 | 745872 | 207458721 | 文学库108/108文学库 1排1列5层/ [索取号:I0/X693] | 在馆 | |
| 2 | 745873 | 207458730 | 文学库108/108文学库 1排1列5层/ [索取号:I0/X693] | 在馆 | |
| 3 | 745874 | 207458749 | 文学库108/108文学库 1排1列5层/ [索取号:I0/X693] | 在馆 |